Statistiques concernant Meilleurs pays au palmarès du Ballon d'Or

Cliquez ici pour prendre le quiz!

Statistiques générales

  • Ce quiz a été pris 1 028 fois
  • Le résultat moyen est 13 sur 18

Statistiques - réponses

Nombre de Ballon d'Or remportésPays% Correct
5Argentine
99%
6France
99%
6Portugal
98%
5Brésil
97%
7Allemagne
95%
5Italie
93%
3Espagne
90%
5Angleterre
89%
7Pays-Bas
86%
3Union soviétique
76%
1Ukraine
61%
1Hongrie
50%
2Tchécoslovaquie
50%
1Libéria
46%
1Bulgarie
40%
1Danemark
40%
1Ecosse
38%
1Irlande du Nord
33%

Distribution des résultats

Percentile par nombre de réponses

% des personnes avec chaque résultat

Votre développement - résultats

Vous n’avez pas pris ce quiz